Information Malaysia 1982-198 : incorporating Malaysia yearbook

Bibliographic Details
Format: Book
Published: Kuala Lumpur : Berita Publishing , 1983
Subjects:

MARC

LEADER 00000cam a2200000 7i4500
001 0000007681
005 20021119093000.0
008 021119s1983
090 0 0 |a DS591.5   |b .I55 
245 0 0 |a Information Malaysia 1982-198 :   |b incorporating Malaysia yearbook 
260 2 |a Kuala Lumpur :   |b Berita Publishing ,   |c 1983 
300 |a 536 p. ;   |c 20 cm. 
651 0 |a Malaysia   |x Registers 
999 |a 1000026890   |b Book   |c Reference   |e Gong Badak Campus 
999 |a 1000026897   |b Book   |c Reference   |e Gong Badak Campus